000 00277nam a2200097Ia 4500
001 1116590
005 20250827004049.0
008 250824s9999 xx 000 0 und d
245 0 _aHİÇBİR KARŞILAŞMA TESADÜF DEĞİLDİR F1 18
_cHAKAN MENGÜÇ
260 _bDESTEK YAYINLARI
999 _c1116590
_d1116590